000 01296nam a2200229Ia 4500
003 Ost
005 20260507075744.0
008 260507s9999||||xx |||||||||||||| ||und||
020 _a200449961
040 _cfsecg
041 _aara
082 _a330
100 _aبويعقوب، عبد الكريم
_eمؤلف
245 0 _aأصول المحاسبة العامة وفق المخطط المحاسبي الوطني /
_c عبد الكريم بويعقوب
260 _aالجزائر:
_bديوان المطبوعات الجامعية,
_c1999
300 _a383 صفحة؛
_bإيضاحات ؛
_c24 سم
520 _aالمحاسبة- الميزانية- خاصيات المخطط الوطني للمحاسبة- المؤسسة التجارية- المؤسسة الصناعية- الرسم على القيمة المضافة- العمليات المعلقة بالأموال الشخصية- حسابات التسيير- الاوراق التجارية- مصاريف العاملين والمصاريف الملحقة- تصحيح الاخطاء- الطريقة المركزية- أعمال الجرد- جداول اقفال السنة المالية.
653 _aالمحاسبة
653 _aالمحاسبة العامة
653 _aالمخطط المحاسبي
942 _cكتاب
999 _c46183
_d46183